| 000 | 00833njm a22002417a 4500 | ||
|---|---|---|---|
| 005 | 20100831101725.0 | ||
| 006 | a|||||r|||||00| 0 | ||
| 007 | sd bmmalaaahaa | ||
| 008 | 100830t xxu||||| |||| 00| 0 eng d | ||
| 028 |
_aN-20183 _bHis Master Voice |
||
| 035 | _aGR-12 | ||
| 035 | _aOMC 24806 | ||
| 040 |
_aSED _cSED |
||
| 245 |
_aSarod va sitar raag des / _c Sing by Ustad Ali Akbar [and] Ravi Shankar _h[sound recording] : |
||
| 260 |
_aDum dum India _bHis Master voice |
||
| 300 |
_a1 sound disc [Gramophone Record] : _banalog, 33 1/3 rpm _c9.5 in |
||
| 500 | _aBrief record | ||
| 505 | _aSarod va sitar raag kafi jila ( Ali Akbar Khan, Ravi Shankar) Sarod va sitar raag des | ||
| 650 |
_aClassical music _xExcerpts _zIndia _917413 |
||
| 700 |
_aKhan, Ali Akbar _917414 |
||
| 700 |
_aRavi Shankar _917415 |
||
| 942 |
_2ddc _cGR |
||
| 999 |
_c43177 _d43177 |
||